Score 0/20 Timer 05:00
5 Plays Today
% Correct
Alien
96.8%
The Godfather
90.2%
Basic Instinct
86%
American Beauty
85.7%
When Harry Met Sally...
85.4%
The Full Monty
85.3%
Monty Python and the Holy Grail
84.5%
Fight Club
81.6%
Meet the Parents
78.8%
Pulp Fiction
77.6%
% Correct
Home Alone
76.9%
Raiders of the Lost Ark
76.2%
A Fish Called Wanda
64.6%
There's Something About Mary
64%
The Silence of the Lambs
60.7%
This Is Spinal Tap
51.4%
Airplane!
49%
Marathon Man
43.9%
The Shining
36.8%
Blue Velvet
36%
Remove Ads.
Support Sporcle.
Get the best of Sporcle when you Go Orange. This ad-free experience offers more features, more stats, and more fun while also helping to support Sporcle. Thank you for becoming a member.

You're not logged in!

Compare scores with friends on all Sporcle quizzes.
OR
Log In

Show Comments

Extras

Top Quizzes Today


Score Distribution

Your Account Isn't Verified!

In order to create a playlist on Sporcle, you need to verify the email address you used during registration. Go to your Sporcle Settings to finish the process.

Report this User

Report this user for behavior that violates our Community Guidelines.

Details: